Library Logo

Pioneer International University Library Catalogue

Sociology and rehabilitation (Record no. 5726)

MARC details
000 -LEADER
fixed length control field 00285nam a22000977a 4500
005 - DATE AND TIME OF LATEST TRANSACTION
control field 20250901165542.0
008 - FIXED-LENGTH DATA ELEMENTS--GENERAL INFORMATION
fixed length control field 210630b |||||||| |||| 00| 0 eng d
050 ## - LIBRARY OF CONGRESS CALL NUMBER
Classification number HD7255 .S871960
245 ## - TITLE STATEMENT
Title Sociology and rehabilitation
Statement of responsibility, etc. Sussman, Marvin B.
942 ## - ADDED ENTRY ELEMENTS (KOHA)
Source of classification or shelving scheme Library of Congress Classification
Classification part HD7255 .S871960
Holdings
Withdrawn status Lost status Source of classification or shelving scheme Damaged status Not for loan Home library Current library Shelving location Date acquired Total checkouts Full call number Barcode Date last seen Price effective from Koha item type
    Library of Congress Classification     Main Library Main Library   06/30/2021   HD7255 .S871960 PIU0009537 06/30/2021 06/30/2021 Books